[Event "Red Bull Chess Masters 2018"]
[Site "Istanbul"]
[Date "2018.10.20"]
[Round "1.1"]
[White "Ozsakallioglu, Okan"]
[Black "Ozen, Bahadir"]
[Result "1/2-1/2"]
[WhiteElo "2050"]
[BlackElo "2349"]
[Annotator "TA"]
[PlyCount "99"]
[EventDate "2018.10.19"]
[EventType "team-tourn"]
[EventCountry "TUR"]
[SourceTitle "playchess.com"]
[Source "ChessBase"]
[SourceQuality "1"]

{[%evp 19,99,-14,-19,-19,-18,-12,-21,-30,-9,-17,-20,-10,-14,-94,-86,-110,-112,-156,-151,-160,10,0,33,16,23,17,30,0,24,0,31,32,29,25,54,32,38,0,36,38,29,17,53,53,79,75,71,54,58,60,60,59,60,60,132,33,55,46,46,26,35,24,31,33,37,17,16,2,4,0,62,8,0,0,0,0,75,75,75,0,75,75]} 1. e4 e5 2. Nf3 Nc6 3. Bb5 Nf6 4. O-O Nxe4 5. d4 Nd6 6. Bxc6 dxc6 7. dxe5 Nf5 8. Qxd8+ Kxd8 9. Bg5+ Ke8 10. Nc3 h6 11. Bd2 {C67: Ruy Lopez: Berlin Defence: 4 0-0 Nxe4} Be6 12. Rad1 Rd8 13. h3 {The position is equal.} (13. Bc1 Bb4 14. Rxd8+ Kxd8 15. Rd1+ Kc8 16. a3 Bxc3 17. bxc3 c5 18. h3 Ne7 {0-1 (31) Reppen,E (2050)-Zimina,O (2378) Skopje 2015}) 13... Be7 14. g4 Nd4 $146 ({Predecessor:} 14... Nh4 15. Nxh4 Bxh4 16. Be3 b6 17. b3 h5 18. Rxd8+ Kxd8 19. f4 g6 20. f5 gxf5 21. gxf5 Bc8 22. Ne4 c5 {½-½ (22) Skrochocka,J (2034)-Jozwik,R (2183) Malbork 1999}) 15. Nxd4 Rxd4 16. Be3 (16. Kg2 $11) 16... Rxd1 $17 17. Rxd1 h5 18. f3 hxg4 19. hxg4 b6 $2 (19... Rh3 $1 $17 20. Kg2 Bxg4 $1 {[%mdl 512]}) 20. Kg2 Bb4 21. Bg5 {[%csl Gg5][%cal Rd1d8]} Be7 22. Bf4 Bb4 23. Bg5 {[%csl Gg5][%cal Rd1d8]} Be7 24. Be3 Bb4 25. Ne4 Bd5 26. Ng3 f6 ({Of course not} 26... Bxa2 $6 27. b3 $16) 27. exf6 gxf6 28. b3 Kf7 29. c4 Be6 30. Bf4 Rc8 31. Rh1 Rg8 32. Rh7+ Rg7 33. Rxg7+ (33. Rh8 {looks sharper.} Rg8 34. Rxg8 Kxg8 35. Bxc7 Be7 36. Kf2) 33... Kxg7 34. Bxc7 $16 {[%mdl 4096] Endgame KBB-KBN} b5 35. cxb5 cxb5 36. Bd8 Kg6 (36... Bc3 $14) 37. Ne2 (37. Nh5 $16) 37... Bd2 38. Bc7 a5 39. Bf4 Bb4 40. Bc1 Bd7 41. Nf4+ Kf7 42. Nd5 Bf8 43. Bb2 f5 44. g5 a4 (44... Bd6 $11) 45. bxa4 (45. Nf4 $1 $14) 45... bxa4 $11 46. a3 Bd6 47. Nb6 Bc6 (47... Bb5 $11) 48. Nc4 $16 Bc7 {[#]} 49. Be5 (49. Ne5+ $1 $16 Bxe5 50. Bxe5) 49... Bb5 (49... Bd8 $11 {remains equal.}) 50. Bxc7 {Precision: White = 35%, Black = 37%.} 1/2-1/2

[Event "Red Bull Chess Masters 2018"]
[Site "Istanbul"]
[Date "2018.10.20"]
[Round "1.1"]
[White "Atas, Yunus"]
[Black "Tofan, Ibrahim"]
[Result "0-1"]
[WhiteElo "1921"]
[BlackElo "2070"]
[Annotator "NA RC"]
[PlyCount "124"]
[EventDate "2018.10.19"]
[EventType "team-tourn"]
[EventCountry "TUR"]
[SourceTitle "playchess.com"]
[Source "ChessBase"]
[SourceQuality "1"]
[TimeControl "600+5"]

1. d4 {[%emt 0:00:05]} d5 {[%emt 0:00:05]} 2. Nf3 {[%emt 0:00:05]} c6 {[%emt 0:00:10]} 3. c4 {[%emt 0:00:00]} e6 {[%emt 0:00:05]} 4. cxd5 {[%emt 0:00:04]} exd5 {[%emt 0:00:05]} 5. Qc2 {[%emt 0:00:13]} Bb4+ {[%emt 0:00:46]} 6. Nc3 {[%emt 0:00:21]} Ne7 {[%emt 0:00:30]} 7. Bg5 {[%emt 0:00:24]} h6 {[%emt 0:00:14]} 8. Bh4 {[%emt 0:00:12]} Qa5 {[%emt 0:00:17]} 9. Bxe7 {[%emt 0:00:15]} Bxe7 {[%emt 0:00:11]} 10. e3 {[%emt 0:00:06]} Nd7 {[%emt 0:00:36]} 11. Bd3 {[%emt 0:00:16]} Bd6 {[%emt 0:01:13]} 12. O-O {[%emt 0:00:10] D52: Queen's Gambit Declined: Cambridge Springs Variation} O-O {[%emt 0:00:05]} 13. a3 {[%emt 0:00:00]} Qd8 {[%emt 0:00:17]} (13... Qc7 14. Rac1 Qd8 15. h3 Re8 16. e4 dxe4 17. Nxe4 Nf6 18. Nc5 Bxc5 19. dxc5 Be6 {1-0 (45) Agrest,E (2574)-Godena,M (2517) Ajaccio 2008}) 14. b4 {[%emt 0:00:04]} a6 {[%emt 0:00:01]} 15. Rab1 {[%emt 0:00:15]} Qe7 {[%emt 0:00:11]} 16. Na4 {[%emt 0:01:33]} Nf6 {[%emt 0:00:32]} 17. h3 {[%emt 0:01:00]} Ne4 $146 {[%emt 0:00:18]} ({Predecessor:} 17... Rb8 18. Nc5 Re8 19. a4 {0-1 (38) Spirlin,M (2034)-Fer,V (2199) Ekaterinburg 2007}) 18. Nb6 {[%emt 0:00:39]} Rb8 {[%emt 0:00:05]} 19. Nxc8 {[%emt 0:00:08]} Rbxc8 {[%emt 0:00:09]} 20. Bxe4 {[%emt 0:00:41]} dxe4 {[%emt 0:00:05]} 21. Nd2 {[%emt 0:00:10]} f5 {[%emt 0:00:05]} 22. a4 {[%emt 0:00:13]} Kh7 {[%emt 0:00:08]} 23. Qb3 {[%emt 0:00:20]} Bb8 {[%emt 0:00:16]} 24. Nc4 {[%emt 0:01:02]} Rcd8 {[%emt 0:00:50]} 25. b5 {[%emt 0:00:09]} f4 {[%emt 0:00:34]} 26. bxc6 {[%emt 0:00:44]} bxc6 {[%emt 0:00:01]} 27. Qb7 {[%emt 0:01:20]} Qe6 {[%emt 0:00:37]} 28. Ne5 {[%emt 0:01:00]} Bxe5 {[%emt 0:00:05]} 29. dxe5 {[%emt 0:00:05]} f3 {[%emt 0:00:08]} 30. g4 {[%emt 0:00:23]} Qxe5 {[%emt 0:00:52]} 31. Qxc6 {[%emt 0:00:14] [#]} Rd6 $2 {[%emt 0:00:13]} ({Lieber} 31... Rf6 $1 $19 {[%cal Rf6c6]} 32. Qc4 h5) 32. Qc4 {[%emt 0:00:07]} (32. Qc7 $11) 32... Rg6 {[%emt 0:00:11]} 33. Rb4 {[%emt 0:00:12]} Re8 {[%emt 0:00:05]} 34. Qd4 {[%emt 0:00:05]} Qe7 {[%emt 0:00:03]} 35. Kh2 {[%emt 0:00:06]} Rxg4 {[%emt 0:00:17]} 36. Rg1 {[%emt 0:00:13]} Rxg1 {[%emt 0:00:05]} 37. Kxg1 {[%emt 0:00:04]} Qg5+ {[%emt 0:00:10]} 38. Kf1 {[%emt 0:00:06]} Qg2+ {[%emt 0:00:05]} 39. Ke1 {[%emt 0:00:05]} Qg1+ {[%emt 0:00:05]} 40. Kd2 {[%emt 0:00:05]} Qxf2+ {[%emt 0:00:05]} 41. Kc3 {[%emt 0:00:00]} Qe1+ {[%emt 0:00:21]} 42. Kb2 {[%emt 0:00:05]} Qe2+ {[%emt 0:00:24]} 43. Kb3 {[%emt 0:00:05]} f2 {[%emt 0:00:05]} 44. Rb7 {[%emt 0:00:03]} Qd3+ {[%emt 0:00:07]} 45. Qxd3 {[%emt 0:00:09]} exd3 {[%emt 0:00:05]} 46. Rf7 {[%emt 0:00:05]} Rxe3 {[%emt 0:00:05]} 47. Kc3 {[%emt 0:00:05]} Rxh3 {[%emt 0:00:17]} 48. Rxf2 {[%emt 0:00:01]} d2+ {[%emt 0:00:17]} 49. Kxd2 {[%emt 0:00:05]} Rh4 {[%emt 0:00:05]} 50. a5 {[%emt 0:00:05]} Rh5 {[%emt 0:00:05]} 51. Kc3 {[%emt 0:00:05]} Rxa5 {[%emt 0:00:05]} 52. Kb4 {[%emt 0:00:05]} Rb5+ {[%emt 0:00:05]} 53. Ka4 {[%emt 0:00:05]} h5 {[%emt 0:00:05]} 54. Rd2 {[%emt 0:00:05]} Rf5 {[%emt 0:00:05]} 55. Kb4 {[%emt 0:00:05]} h4 {[%emt 0:00:05]} 56. Kc4 {[%emt 0:00:05]} g5 {[%emt 0:00:05]} 57. Kd4 {[%emt 0:00:01]} Kg6 {[%emt 0:00:00]} 58. Ke4 {[%emt 0:00:05]} Rf6 {[%emt 0:00:00]} 59. Rd8 $19 {[%emt 0:00:06]} h3 {[%emt 0:00:06]} 60. Rg8+ {[%emt 0:00:13]} Kh5 {[%emt 0:00:10]} 61. Ke5 {[%emt 0:00:01]} Rf1 {[%emt 0:00:00]} 62. Rh8+ {[%emt 0:00:09]} Kg4 {[%emt 0:00:01]} 0-1

[Event "Red Bull Chess Masters 2018"]
[Site "Istanbul"]
[Date "2018.10.20"]
[Round "1.1"]
[White "Yucesoy, Atil"]
[Black "Tasdogen, Dincer"]
[Result "0-1"]
[WhiteElo "1685"]
[BlackElo "2310"]
[Annotator "TA"]
[PlyCount "96"]
[EventDate "2018.10.19"]
[EventType "team-tourn"]
[EventCountry "TUR"]
[SourceTitle "playchess.com"]
[Source "ChessBase"]
[SourceQuality "1"]

{[%evp 14,96,6,0,41,-10,-6,-28,-24,-24,-25,-24,-29,-33,-29,-77,-67,-86,-75,-80,-68,-76,-77,-123,-119,-189,-172,-189,-193,-200,-196,-194,-54,-128,-117,-122,-108,-126,-127,-201,-187,-194,-189,-204,-195,-196,-201,-208,-184,-293,-202,-202,-202,-190,-133,-137,-119,-218,-196,-200,-139,-139,-152,-162,-135,-135,-111,-111,-120,-377,-377,-2301,-3242,-3006,-2528,-2252,-1979,-29978,-29979,-29983,-29984,-29984,-29985,-29990,-29991]} 1. d4 d6 2. c4 e5 3. dxe5 dxe5 4. Qxd8+ Kxd8 5. Nc3 Be6 6. e4 c6 7. Nf3 f6 8. Be3 {LiveBook: 5 Games} Na6 {[%cal Bb8a6,Ba6c5,Bc5d7,Bd7b6,Bb6a4,Ba4c3][%mdl 32] A41: 1 d4 d6: Tartakower System and Modern Defence} 9. O-O-O+ (9. Be2 $14) 9... Kc7 $11 10. a3 Nh6 $146 {Black has an edge.} ({Predecessor:} 10... Bc5 11. Bxc5 Nxc5 12. b4 Nd7 13. Be2 Nh6 14. h3 a5 15. Kb2 axb4 16. axb4 {0-1 (58) Pliev,V (2011)-Bader,G (2011) Bayerisch Eisenstein 2014}) 11. h3 Bc5 12. Bxc5 Nxc5 13. b4 Nd7 14. c5 a5 15. Kb2 axb4 16. axb4 b6 17. cxb6+ Nxb6 18. b5 Rhb8 19. Rb1 {[#]} (19. Bd3 $17) 19... Na4+ $1 $19 20. Kc2 Nxc3 21. Kxc3 Ra3+ 22. Kd2 Ra5 (22... c5 $19 {Strongly threatening ...Nf7.} 23. Rc1 Rd8+ 24. Ke1 Kb6) 23. Bd3 ({Better is} 23. Rc1 $1 $15 Rd8+ 24. Ke1) 23... cxb5 24. Rhc1+ Kd6 25. Rb4 Nf7 26. Bc4 (26. Ke1 $17) 26... Bxc4 27. Rcxc4 Nd8 {[#] aiming for ...Nc6.} 28. Rc2 Nc6 29. Rb1 b4 {[%cal Bb5b4,Bb4b3][%mdl 32]} 30. Rbc1 Rb6 31. Ne1 (31. Rb2 $142) 31... Nd4 32. Rb2 b3 33. Nd3 Rc6 (33... g5 $19 34. Rcb1 Ra3) 34. Rxc6+ $17 Kxc6 {[%mdl 4096] Endgame KRN-KRN} 35. Kc3 (35. f4 $17 {might work better.}) 35... g5 $19 36. Nb4+ Kd6 37. Nd5 f5 38. f3 Ra1 39. Ne3 fxe4 40. fxe4 Re1 41. Nf5+ $2 {[%mdl 8192]} (41. Nc4+ $17 Ke6 42. Kd3) 41... Kc5 42. Nxd4 $2 {KRN-KR} (42. Kd2 Rxe4 43. Ne3) 42... Re3+ (42... exd4+ $2 43. Kxb3 Rxe4 44. Rc2+ Kb5 45. Rc7 $17) 43. Kd2 Kxd4 44. Rb1 Rg3 45. Ke2 b2 {Black mates.} 46. Kf2 Rb3 47. Ke2 Kc3 48. Kf3 Kc2+ {Precision: White = 20%, Black = 57%.} 0-1

[Event "Red Bull Chess Masters 2018"]
[Site "Istanbul"]
[Date "2018.10.20"]
[Round "1.1"]
[White "Sural, Ceren"]
[Black "Sahin, Handenur"]
[Result "1/2-1/2"]
[WhiteElo "1662"]
[BlackElo "1998"]
[Annotator "NA RC"]
[PlyCount "117"]
[EventDate "2018.10.19"]
[EventType "team-tourn"]
[EventCountry "TUR"]
[SourceTitle "playchess.com"]
[Source "ChessBase"]
[SourceQuality "1"]
[TimeControl "600+5"]

1. e4 {[%emt 0:00:05]} e5 {[%emt 0:00:05]} 2. Nf3 {[%emt 0:00:05]} Nc6 {[%emt 0:00:05]} 3. Bc4 {[%emt 0:00:05]} Nf6 {[%emt 0:00:05]} 4. d3 {[%emt 0:00:05]} Bc5 {[%emt 0:00:05]} 5. c3 {[%emt 0:00:00]} d6 {[%emt 0:00:00]} 6. h3 {[%emt 0:00:00]} a6 {[%emt 0:00:00]} 7. Bb3 {[%emt 0:00:00]} Ba7 {[%emt 0:00:03]} 8. Nbd2 {[%emt 0:00:13]} O-O {[%emt 0:00:15]} 9. Nf1 {[%emt 0:00:09]} Ne7 {[%emt 0:00:23] LiveBook: 76 Partien C54: Italienische Partie (Hauptvariante)} 10. Qe2 {[%emt 0:01:18]} (10. Ng3 Ng6 11. O-O h6 12. d4 Re8 13. Re1 b5 14. Be3 Bb7 15. Bc2 exd4 16. Nxd4 d5 17. Nb3 Bxe3 18. Rxe3 {½-½ (55) Miton,K (2584)-Bacrot,E (2725) Riadh 2017}) 10... Ng6 {[%emt 0:00:14]} 11. g3 {[%emt 0:00:15]} Be6 {[%emt 0:00:14]} 12. Ne3 {[%emt 0:01:08]} h6 $146 {[%emt 0:00:35]} ({Vorgänger:} 12... Bxb3 13. axb3 d5 14. Nf5 {1-0 (48) Gregory,S (2161)-James,S (2041) Sunningdale 2008}) 13. Ng2 {[%emt 0:00:24]} Bxb3 {[%emt 0:00:46]} 14. axb3 {[%emt 0:00:09]} Qe7 {[%emt 0:00:11]} 15. Ngh4 {[%emt 0:00:00]} Qe6 {[%emt 0:00:43]} 16. b4 {[%emt 0:00:30]} Nxh4 {[%emt 0:00:04]} 17. Nxh4 {[%emt 0:00:16]} d5 {[%emt 0:00:14]} 18. Nf5 {[%emt 0:00:23]} Rfe8 {[%emt 0:00:48]} 19. g4 {[%emt 0:00:05]} dxe4 {[%emt 0:00:16]} 20. dxe4 {[%emt 0:00:05]} Qc6 {[%emt 0:00:03]} 21. f3 {[%emt 0:00:12]} Qb5 {[%emt 0:00:07]} 22. Qxb5 {[%emt 0:00:30]} axb5 {[%emt 0:00:02]} 23. g5 {[%emt 0:00:37]} hxg5 {[%emt 0:00:30]} 24. Bxg5 {[%emt 0:00:03]} Nd7 {[%emt 0:00:28]} 25. O-O-O {[%emt 0:00:32]} Nf8 {[%emt 0:00:08]} 26. Ne7+ {[%emt 0:00:23]} Kh7 {[%emt 0:00:07]} 27. Nd5 {[%emt 0:00:26]} Ne6 {[%emt 0:00:04]} 28. Bd2 {[%emt 0:00:37]} c6 {[%emt 0:00:05]} 29. Ne3 {[%emt 0:00:03]} Red8 {[%emt 0:00:36]} 30. Nf5 {[%emt 0:00:23]} Bb6 {[%emt 0:00:17]} 31. Kc2 {[%emt 0:00:19]} Rd7 {[%emt 0:00:25]} 32. h4 {[%emt 0:00:15]} Rad8 {[%emt 0:00:17]} 33. h5 {[%emt 0:00:09]} Rd3 {[%emt 0:00:25]} 34. h6 {[%emt 0:00:33]} g6 {[%emt 0:00:05]} 35. Ng7 {[%emt 0:00:03]} Nf4 {[%emt 0:00:39]} 36. Bxf4 {[%emt 0:00:17]} Rxd1 {[%emt 0:00:05]} 37. Rxd1 {[%emt 0:00:05]} Rxd1 {[%emt 0:00:05]} 38. Kxd1 {[%emt 0:00:05]} exf4 {[%emt 0:00:05]} 39. Ne8 {[%emt 0:00:00]} Kxh6 {[%emt 0:00:42]} 40. Nd6 {[%emt 0:00:00]} Kg7 {[%emt 0:00:15]} 41. Nxb7 {[%emt 0:00:02]} Kf6 $11 {[%emt 0:00:23]} 42. Ke2 {[%emt 0:00:22]} Ke7 {[%emt 0:00:16]} 43. Kd3 {[%emt 0:00:11]} g5 {[%emt 0:00:18]} 44. e5 {[%emt 0:00:13]} Ke6 {[%emt 0:00:09]} 45. Ke4 {[%emt 0:00:05]} f5+ {[%emt 0:00:13]} 46. exf6 {[%emt 0:00:01]} Kxf6 {[%emt 0:00:05]} 47. Nd6 {[%emt 0:00:05]} Ke6 {[%emt 0:00:16]} 48. Nf5 {[%emt 0:00:03]} Bf2 {[%emt 0:00:17]} 49. Nh6 {[%emt 0:00:13]} Bb6 {[%emt 0:00:20]} 50. Ng4 {[%emt 0:00:05]} Bc7 {[%emt 0:00:05]} 51. Nf2 {[%emt 0:00:01]} Bb6 {[%emt 0:00:14]} 52. Ng4 {[%emt 0:00:13]} Bc7 {[%emt 0:00:07]} 53. b3 {[%emt 0:00:01]} Bb6 {[%emt 0:00:05]} 54. c4 {[%emt 0:00:12]} Bg1 {[%emt 0:00:22]} 55. cxb5 {[%emt 0:00:05]} cxb5 {[%emt 0:00:05]} 56. Nh6 {[%emt 0:00:05]} Bf2 {[%emt 0:00:05]} 57. Nf5 {[%emt 0:00:05]} Bg1 {[%emt 0:00:10]} 58. Nh6 {[%emt 0:00:47]} Be3 {[%emt 0:00:06]} 59. Nf5 {[%emt 0:00:08]} 1/2-1/2

[Event "Red Bull Chess Masters 2018"]
[Site "Istanbul"]
[Date "2018.10.20"]
[Round "1.1"]
[White "Eraslan, Ecem"]
[Black "Incecik, Seyma Zeynep"]
[Result "0-1"]
[WhiteElo "1290"]
[BlackElo "1796"]
[Annotator "NA RC"]
[PlyCount "41"]
[EventDate "2018.10.19"]
[EventType "team-tourn"]
[EventCountry "TUR"]
[SourceTitle "playchess.com"]
[Source "ChessBase"]
[SourceQuality "1"]
[TimeControl "600+5"]

1. e4 {[%emt 0:00:05]} d5 {[%emt 0:00:05]} 2. exd5 {[%emt 0:00:05]} Qxd5 {[%emt 0:00:00]} 3. d4 {[%emt 0:00:00]} Nf6 {[%emt 0:00:11]} 4. Nf3 {[%emt 0:00:02]} Bg4 {[%emt 0:00:05]} 5. Be2 {[%emt 0:00:05]} e6 {[%emt 0:00:11]} 6. h3 {[%emt 0:01:02]} Bh5 {[%emt 0:00:22]} 7. O-O {[%emt 0:02:09]} Nc6 {[%emt 0:00:10]} 8. c4 {[%emt 0:00:17]} Qd7 {[%emt 0:00:03]} 9. Be3 {[%emt 0:01:08]} O-O-O {[%emt 0:00:09]} 10. Qb3 {[%emt 0:01:14]} Na5 {[%emt 0:05:05]} 11. Qc2 {[%emt 0:00:43]} Bg6 {[%emt 0:00:27]} 12. Qd2 {[%emt 0:01:29]} Nc6 {[%emt 0:00:05]} 13. Nc3 {[%emt 0:00:11]} Ne4 {[%emt 0:00:39]} 14. Nxe4 {[%emt 0:00:43]} Bxe4 {[%emt 0:00:05]} 15. a3 {[%emt 0:01:04]} Bxf3 {[%emt 0:00:18]} 16. Bxf3 {[%emt 0:00:01]} Nxd4 {[%emt 0:00:17]} 17. Bxd4 {[%emt 0:00:37]} Qxd4 {[%emt 0:00:05]} 18. Qc2 {[%emt 0:00:05]} Be7 {[%emt 0:00:05]} 19. b4 {[%emt 0:00:05]} Bf6 {[%emt 0:00:05]} 20. Rab1 {[%emt 0:00:28]} Kb8 {[%emt 0:01:41]} 21. c5 {[%emt 0:00:12]} 0-1

[Event "Red Bull Chess Masters 2018"]
[Site "Istanbul"]
[Date "2018.10.20"]
[Round "1.1"]
[White "Tofan, Zeynep"]
[Black "Sahin, Hayrun Nisa"]
[Result "0-1"]
[WhiteElo "1058"]
[BlackElo "1708"]
[Annotator "NA RC"]
[PlyCount "100"]
[EventDate "2018.10.19"]
[EventType "team-tourn"]
[EventCountry "TUR"]
[SourceTitle "playchess.com"]
[Source "ChessBase"]
[SourceQuality "1"]
[TimeControl "600+5"]

1. e4 {[%emt 0:00:05]} c5 {[%emt 0:00:05]} 2. Nc3 {[%emt 0:00:05]} e6 {[%emt 0:00:00]} 3. Nf3 {[%emt 0:00:00]} a6 {[%emt 0:00:41]} 4. d4 {[%emt 0:00:20]} cxd4 {[%emt 0:00:05]} 5. Nxd4 {[%emt 0:00:05]} Qc7 {[%emt 0:00:07]} 6. a3 {[%emt 0:00:43]} Nc6 {[%emt 0:00:58]} 7. Nxc6 {[%emt 0:00:37]} bxc6 {[%emt 0:00:07]} 8. Bd3 {[%emt 0:00:31]} d5 {[%emt 0:00:12]} 9. exd5 {[%emt 0:01:39]} cxd5 {[%emt 0:00:08]} 10. Qe2 {[%emt 0:02:21]} Bb7 {[%emt 0:00:16]} 11. O-O {[%emt 0:00:26]} Nf6 {[%emt 0:00:05]} 12. g3 {[%emt 0:00:00]} Qc6 {[%emt 0:00:11]} 13. Re1 {[%emt 0:00:26]} Rc8 {[%emt 0:00:02]} 14. Bg5 {[%emt 0:00:45]} d4 {[%emt 0:00:21]} 15. Ne4 {[%emt 0:00:26]} Nxe4 {[%emt 0:00:26]} 16. Qxe4 {[%emt 0:01:04]} Qxe4 {[%emt 0:00:05]} 17. Bxe4 {[%emt 0:00:05]} Bxe4 {[%emt 0:00:05]} 18. Rxe4 {[%emt 0:00:03]} f6 {[%emt 0:01:44]} 19. Bd2 {[%emt 0:00:53]} Rxc2 {[%emt 0:00:30]} 20. Rxd4 {[%emt 0:00:05]} Bc5 {[%emt 0:01:16]} 21. Rd3 {[%emt 0:00:12]} O-O {[%emt 0:00:08]} 22. b4 {[%emt 0:00:11]} Bb6 {[%emt 0:00:33]} 23. Rd1 {[%emt 0:00:29]} Rfc8 {[%emt 0:00:12]} 24. Rd6 {[%emt 0:00:04]} R8c6 {[%emt 0:00:30]} 25. Rxc6 {[%emt 0:00:08]} Rxc6 {[%emt 0:00:05]} 26. a4 {[%emt 0:00:13]} Kf7 {[%emt 0:00:03]} 27. a5 {[%emt 0:00:01]} Bd4 {[%emt 0:00:34]} 28. Be3 {[%emt 0:00:16]} Bxe3 {[%emt 0:00:10]} 29. fxe3 {[%emt 0:00:05]} Rc3 {[%emt 0:00:05]} 30. Rd7+ {[%emt 0:00:05]} Kg6 {[%emt 0:00:05]} 31. Kf2 {[%emt 0:00:05]} Rb3 {[%emt 0:00:05]} 32. Rb7 {[%emt 0:00:05]} Rb2+ {[%emt 0:00:00]} 33. Ke1 {[%emt 0:00:00]} Rxh2 {[%emt 0:00:00]} 34. b5 {[%emt 0:00:00]} axb5 {[%emt 0:00:02]} 35. Rxb5 {[%emt 0:00:00]} Ra2 {[%emt 0:00:00]} 36. Kd1 {[%emt 0:00:05]} e5 {[%emt 0:00:04]} 37. e4 {[%emt 0:00:06]} h5 {[%emt 0:00:20]} 38. Kc1 {[%emt 0:00:05]} Ra3 {[%emt 0:00:05]} 39. Kb2 {[%emt 0:00:05]} Rxg3 {[%emt 0:00:05]} 40. a6 {[%emt 0:00:00]} h4 {[%emt 0:00:30]} 41. a7 {[%emt 0:00:00]} h3 {[%emt 0:00:05]} 42. a8=Q {[%emt 0:00:01]} h2 {[%emt 0:00:06]} 43. Qe8+ {[%emt 0:00:06]} Kg5 {[%emt 0:00:14]} 44. Rxe5+ {[%emt 0:00:06]} fxe5 {[%emt 0:00:11]} 45. Qxe5+ {[%emt 0:00:05]} Kh4 {[%emt 0:00:05]} 46. Qf4+ {[%emt 0:00:05]} Kh3 {[%emt 0:00:05]} 47. Qf5+ {[%emt 0:00:00]} Kg2 {[%emt 0:00:00]} 48. e5 {[%emt 0:00:26]} h1=Q {[%emt 0:00:00]} 49. Qe4+ {[%emt 0:00:03]} Kh2 {[%emt 0:00:06]} 50. Qh7+ {[%emt 0:00:05]} Rh3 {[%emt 0:00:01]} 0-1

[Event "Red Bull Chess Masters 2018"]
[Site "Istanbul"]
[Date "2018.10.20"]
[Round "1.2"]
[White "Ozen, Bahadir"]
[Black "Ozsakallioglu, Okan"]
[Result "1-0"]
[WhiteElo "2349"]
[BlackElo "2050"]
[Annotator "TA"]
[PlyCount "61"]
[EventDate "2018.10.19"]
[EventType "team-tourn"]
[EventCountry "TUR"]
[SourceTitle "playchess.com"]
[Source "ChessBase"]
[SourceQuality "1"]

{[%evp 20,61,106,104,94,99,110,99,110,102,94,86,136,129,132,114,152,145,179,197,273,191,206,211,222,228,664,651,621,733,726,702,706,683,726,702,1131,938,1122,1114,1111,1114,1083,1039]} 1. Nf3 c5 2. c4 Nc6 3. Nc3 g6 4. e3 Bg7 5. d4 cxd4 6. exd4 Nf6 7. d5 Nb8 8. Be2 d6 9. O-O O-O 10. Nd4 {A35: Symmetrical English: 2 Nc3 Nc6 3 Nf3} (10. Re1 Bg4 11. Nd4 Bxe2 12. Qxe2 Re8 13. Be3 Nbd7 14. Rac1 a6 15. h3 Rc8 16. b3 Qa5 17. Qd2 Nc5 {½-½ (46) Grigoriants,S (2561)-Guseinov,G (2646) Riadh 2017}) 10... Nbd7 11. Re1 $146 {LiveBook: 3 Games} ({Predecessor:} 11. Be3 Nc5 12. Bf3 a5 13. b3 Bd7 14. h3 Qc8 15. Qd2 Re8 {1-0 (75) Topak,E (2208)-Buyukasik,D (2165) Kocaeli 2014}) 11... Nc5 12. Be3 {White is better.} a5 13. Rc1 h5 14. h3 Bd7 15. b3 Qc8 16. Bf3 Re8 17. Qd2 Kh7 18. Bg5 Bf5 {intending ...Nd3.} 19. Re3 a4 (19... Bd7 $142 20. Rce1 Qd8) 20. Rce1 axb3 21. axb3 Ng8 22. Ncb5 f6 $2 {[#]} (22... Bd7 23. Bd1 f5) 23. Nxd6 $1 $18 {[%mdl 512] White is clearly winning.} exd6 24. Rxe8 Qxe8 25. Rxe8 Rxe8 26. Nxf5 gxf5 27. Bf4 Nxb3 28. Qd1 Na5 29. Qa4 Re1+ 30. Kh2 b6 31. Qd7 {Precision: White = 95%, Black = 17%.} 1-0

[Event "Red Bull Chess Masters 2018"]
[Site "Istanbul"]
[Date "2018.10.20"]
[Round "1.2"]
[White "Tasdogen, Dincer"]
[Black "Yucesoy, Atil"]
[Result "1-0"]
[WhiteElo "2310"]
[BlackElo "1685"]
[Annotator "TA"]
[PlyCount "61"]
[EventDate "2018.10.19"]
[EventType "team-tourn"]
[EventCountry "TUR"]
[SourceTitle "playchess.com"]
[Source "ChessBase"]
[SourceQuality "1"]

{[%evp 15,60,68,76,27,59,18,49,24,32,12,13,6,28,20,43,4,20,22,33,0,76,73,175,150,508,516,549,529,824,250,239,239,383,329,506,496,29994,666,743,733,29995,29996,29996,29997,29998,29999,29999]} 1. e4 d5 2. exd5 Qxd5 3. Nc3 Qd6 4. Nf3 Nf6 5. d4 Bg4 6. Be3 {B01: Scandinavian Defence} (6. h3 Bh5 7. g4 Bg6 8. Ne5 Nbd7 9. Nxg6 hxg6 10. Bg2 c6 11. Qd3 e6 12. Bd2 Nb6 13. O-O-O Nbd5 14. Ne2 {1-0 (39) Bologan,V (2640)-Kovalenko,I (2684) Tallinn 2016}) 6... e6 7. h3 Bh5 8. g4 Bg6 {LiveBook: 3 Games} 9. Bg2 c6 10. Ne5 {Black must now prevent h4.} Nbd7 11. Nxg6 (11. f4 {with more complications.} Qc7 12. Qe2 O-O-O 13. a3 Nd5 14. Bxd5 cxd5 15. Nb5) 11... hxg6 12. Qd2 $146 ({Predecessor:} 12. g5 Nd5 13. Nxd5 cxd5 14. O-O {1-0 (31) Sveshnikov,V (2434)-Tokranovs,D (2110) Riga 2013}) 12... Qc7 13. O-O-O Bd6 14. Kb1 O-O-O 15. g5 Nh5 16. Ne4 Bf4 17. c4 c5 (17... Bxe3 $11 {keeps the balance.} 18. fxe3 Ng3) 18. d5 ({Much weaker is} 18. dxc5 Nxc5 19. Qe2 Nxe4 $11) 18... Bxe3 (18... exd5 $16 19. Qxd5 Ndf6 20. Qxc5 Nxe4 21. Bxe4 Qxc5 22. Bxc5 b6) 19. Qxe3 $18 {[#] dxe6 is the strong threat.} ({But not} 19. fxe3 $6 Ng3 $16) 19... Qf4 $2 (19... e5 $16 {is tougher.} 20. Bf3 f5) 20. dxe6 fxe6 21. Nd6+ Kc7 {and the idea ...Qxe3 leaves Black hopeful.} 22. Nxb7 $2 (22. Qa3 Kb8 23. Nxb7 Qxg5 24. Bc6) 22... Qxe3 23. fxe3 $40 {[%mdl 128] White wants a kill.} Rdf8 (23... Rb8 $142 24. Rd2 Rxb7) 24. Rd2 Ne5 (24... Re8 $142 25. Nd6 Re7 26. Nb5+ Kb8) 25. Nxc5 Nxc4 (25... Kc8 $18 26. Nxe6 Re8) 26. Nxe6+ (26. Rd7+ $142 Kb6 27. Rb7+ Kxc5 28. b4+ Kd6 29. Rd1+ Nd2+ 30. Rxd2+ Ke5 31. Rb5#) 26... Kb6 27. Rd7 {[#] White wants to mate with Rb7+.} Nxe3 28. Rb7+ {White mates.} Ka5 29. Bc6 Rf5 30. b4+ Ka6 31. Nc7# {Precision: White = 41%, Black =  8%.} 1-0